000 00313nam a2200133Ia 4500
008 191201s2009 xx 000 0 und d
100 _aTHAKUR, Komal
245 0 _aSimple Things make luv
250 _a2nd IMP
260 _aN. Delhi
_bSrishti Publisher
_c2009
300 _a210
650 _aBBA
942 _2ddc
_cBK
999 _c4482
_d4482